Quiz sur le Vatican - Statistiques

Statistiques générales
  • Ce quiz a été pris 18 229 fois
  • Le résultat moyen est 12 sur 18
Statistiques - réponses
Question Réponse % Correct
Ville qui entoure complètement le Vatican Rome
99%
Le Vatican est le pays le plus ____ du monde, devant Monaco et Nauru Petit
97%
Langue la plus utilisée dans la vie courante Italien
93%
Le Vatican est le seul pays où les distributeurs proposent cette langue Latin
88%
Artiste qui a peint le toit de la Chapelle Sixtine Michel-Ange
87%
Pape actuellement au pouvoir Léon XIV
84%
Le Vatican aurait la plus grande consommation de cette boisson par habitant Vin
78%
Pays d'origine de la garde qui protège le souverain pontife Suisse
72%
Nom donné à la basilique du Vatican Saint-Pierre
71%
Titre porté par ceux qui élisent le Pape Cardinal
59%
Seulement 5% des habitants du Vatican sont des ____, c'est moins que tous les autres pays du monde Femmes
56%
Fleuve près duquel le Vatican se trouve Tibre
55%
Ville française qui appartenait à ce pays jusqu'en 1790 Avignon
52%
Pays dirigé par le Pape qui existait entre 754 et 1870 États {Pontificaux}
45%
Objets qui figurent sur le drapeau du Vatican Clefs
39%
Premier Ministre italien qui a acté l'indépendance du Vatican en 1929 Benito Mussolini
35%
Personne morale représentée par le Pape, dont le nom est parfois utilisé à tort comme synonyme du Vatican Saint-{Siège}
34%
Objets qui figurent sur le drapeau du Vatican {Tiare} pontificale
28%
Aucun quiz correspondant
Distribution des résultats
% des personnes avec chaque résultat
Percentile par nombre de réponses
Votre historique - résultats
Vous n’avez pas pris ce quiz